| 000 | 00570nam a22002297a 4500 | ||
|---|---|---|---|
| 001 | 0011412 | ||
| 003 | DO-SdBNP | ||
| 005 | 20180125131925.0 | ||
| 007 | 0011412 | ||
| 008 | 160919b 1979 sp||||| |||| 00| 0 spa d | ||
| 020 | _a8424307097 | ||
| 040 |
_aBPMSU _bspa _cBPMSU |
||
| 092 |
_axxxxxxxx _bxxxxxxxx |
||
| 245 | _aGentes y países | ||
| 260 |
_aEspaña : _bFher, _c1979. |
||
| 300 |
_av. : _bil., _c30 cm. |
||
| 490 | 1 | _aFher junior | |
| 830 | 0 | _aFher junior | |
| 942 |
_2ddc _cBK |
||
| 945 | _ainventariado, 2018 / dg | ||
| 956 |
_aBTAVÁREZ _b10 _c20161909 _d0011412 |
||
| 999 |
_c11457 _d11457 |
||